Online Catalogue and eLibrary

En Kavithaikku Ethirththal Enru Thalaippu vai (Record no. 5995)

MARC details
000 -LEADER
fixed length control field 00412nam a22001577a 4500
005 - DATE AND TIME OF LATEST TRANSACTION
control field 20250319220616.0
008 - FIXED-LENGTH DATA ELEMENTS--GENERAL INFORMATION
fixed length control field 250319b |||||||| |||| 00| 0 eng d
020 ## - INTERNATIONAL STANDARD BOOK NUMBER
ISBN 357060065
082 ## - DDC Classification
DDC Edition Number 22
Class No. 894
Item Number - Author Mark PEN
100 ## - MAIN ENTRY--PERSONAL NAME
Personal name Rooby, Najifa
245 ## - TITLE STATEMENT
Title En Kavithaikku Ethirththal Enru Thalaippu vai
260 ## - PUBLICATION, DISTRIBUTION, ETC.
Place of publication, distribution, etc. Sri Lanka
Name of publisher, distributor, etc. Moonravathu manithan Publication
Date of publication, distribution, etc. 2006
300 ## - PHYSICAL DESCRIPTION
Extent (e.g. Volumes, Pages etc.) 48 p .,
650 ## - SUBJECT ADDED ENTRY--TOPICAL TERM
Topical term or geographic name entry element Poems
942 ## - Koha item type (Biblio)
Koha item type Books in Stacks (Lending)
Holdings
Lost status Damaged status Collection code Home library Current library Date acquired Full call number Accession Number Item type
    Lending WERC Library WERC Library 03/20/2025 894 PEN 5879 Books in Stacks (Lending)

© WERC Library